000 00713cam a22002413a 4500
001 20187
003 PGUSA
005 20140828083428.0
008 061226s2006||||xxu|||||s|||||000 | eng d
040 _aPGUSA
_beng
042 _adc
050 4 _aPZ
100 1 _aRichmond, Grace S.
_q(Grace Smith),
_d1866-1959
245 1 0 _aOn Christmas Day in the Morning
_h[electronic resource] /
_cGrace S. Richmond
260 _bProject Gutenberg,
_c2006
506 _aPublic domain in the USA.
516 _aElectronic text
653 _aChristmas stories
700 1 _aRelyea, C. M.
_q(Charles M.),
_d1863-1932
830 0 _aProject Gutenberg
_v20187
856 4 0 _uhttp://www.gutenberg.org/ebooks/20187
942 _cEB
999 _c249442
_d249442